| 000 | 00738nam a2200205 a 4500 | ||
|---|---|---|---|
| 001 | 000035350 | ||
| 005 | 20200930074258.0 | ||
| 008 | 111027s1953 fr 000 0 spa d | ||
| 040 |
_aDO-SdBNP _bspa _cBNPHU |
||
| 100 | 1 |
_aLavelle, Louis _961042 |
|
| 245 | 1 | 3 |
_aLa dialectique du monde sensible / _cLouis Lavelle. |
| 250 | _a9a ed. | ||
| 260 |
_aParis : _bPresses Universitaires de France, _c1953. |
||
| 300 |
_a271 p. ; _c22 cm. |
||
| 490 | 1 | _aBibliothèque de philosophie contemporaine. | |
| 504 | _aIncluye referencias bibliográficas y notas al pie de las páginas | ||
| 590 | _aPerteneció a la biblioteca personal de Juan Isidro Jimenes Grullón | ||
| 830 | 0 |
_aBibliothèque de philosophie contemporaine _961137 |
|
| 049 | _aBNPD | ||
| 999 |
_c34841 _d34841 |
||